000 01575nam a2200253 a 4500
001 BRCA_9087
005 20190320210522.0
008 110917s1773----sp-#######---#000-0#spa-#
041 _aspa
044 _asp
084 _aBE171
_b.L34 1773
100 1 _aLafitau, Pierre François
_cObispo de Sisteron
_921368
245 1 0 _aSermones de Mr Lafitau, Obispo de Sisteron
_ctraducidos del idioma frances al español por Don Francisco Jacinto de Narva ; tomo quarto.
260 _aMadrid
_bEn la Imprenta de Francisco Xavier García
_c1773
300 _a275 p. (t.4)
_c20.6 x 15 cm.
500 _aCon las licencias necesarias
500 _aEstado físico: presenta encuadernación en pergamino, con lomo semi desprendido
500 _aCon marca de fuego: “Procedencia de la marca: Convento de Santa María de los Ángeles de Churubusco, D.F.(1). Institución: Orden de Frailes Menores Descalzos. Provincia de San Diego de México. Descripción: Monograma formado por las iniciales: ´C´, ´H´, ´V´, ´R´, ´B´, ´S´, ´O´ que forman la palabra Churubusco. Observaciones: Rafael Sala, Carlos Krausse y David Saavedra Vega atribuyen esta marca al Convento de Nuestra Señora de los Angeles, de Churubusco, Ciudad de México. Ubicación de la marca en el libro: Canto inferior”
650 1 4 _aSermones
_yObras anteriores a 1800
_921369
700 1 _aNarva, Francisco Jacinto de
_etr.
_922457
856 _ahttp://www.marcasdefuego.buap.mx:8180/xmLibris/projects/firebrand/item.jsp?repository=marcas_de_fuego&key=bb3aa23a.xml&num=22
902 _aCFM
942 _2lcc
_cB
999 _c8737
_d8737